header

Sartre's ethics of engagement (Record no. 26541)

MARC details
000 -LEADER
fixed length control field 01496nam a22003374a 4500
082 04 - DEWEY DECIMAL CLASSIFICATION NUMBER
Classification number 194
100 1# - MAIN ENTRY--AUTHOR NAME
Personal name Heter, T. Storm.
245 10 - TITLE STATEMENT
Title Sartre's ethics of engagement
260 ## - PUBLICATION, DISTRIBUTION, ETC. (IMPRINT)
Place of publication London ;
-- New York :
Name of publisher Continuum International Pub. Group,
Year of publication c2006.
300 ## - PHYSICAL DESCRIPTION
Number of Pages 162 p.
490 1# - SERIES STATEMENT
Series statement Continuum studies in Continental philosophy
505 0# - FORMATTED CONTENTS NOTE
Formatted contents note Introduction -- Freedom -- Self -- Recognition -- Bad faith -- Authenticity -- Engagement -- Recognition in groups -- Civic virtue -- Morality -- Conclusions.
650 #0 - SUBJECT ADDED ENTRY--TOPICAL TERM
Topical Term Ethics, Modern
856 40 - ELECTRONIC LOCATION AND ACCESS
Uniform Resource Identifier http://site.ebrary.com/lib/rucke/Doc?id=10224811

No items available.

© 2026 Rongo University
Contact us: librarian | system librarian | Rongo university